000 00725nam a2200205Ii 4500
003 JO-AjNU
008 230605s9999||||xx |||||||||||||| ||und||
017 _a1977/445
040 _aJO-AjNU
_bara
_erda
_cJO-AjNU
041 _aara
050 1 4 _aLC191 .K3 1977
100 3 _aإعداد حبيب، كرم,
_eauthor
_938457
245 0 0 _aالتعليم والتغير الإجتماعي
264 3 1 _aالفجالة: مكتبة الوعي العربي، 1977
300 _a143ص
336 _atext
_btxt
_2rdacontent
337 _aunmediated
_bn
_2rdamedia
338 _avolume
_bnc
_2rdacarrier
650 4 _aالتعليم - جوانب اجتماعية - علم اجتماع تربوي - تغيير اجتماعي
_938458
999 _aA16159
_c19727
_d19727